|
|
|
|
| LEADER |
00000nnm a2200000 i 4500 |
| 001 |
dolg4023 |
| 005 |
20160118152946.0 |
| 008 |
151204suuuu hu o 000 hun d |
| 040 |
|
|
|a BGE Dolgozattár Repozitórium
|b hun
|
| 041 |
|
|
|a hu
|
| 100 |
1 |
|
|a Bodnár Zsófia
|
| 245 |
1 |
0 |
|a Panaszszituáció kezelés a Dudok Rendezvényházban
|c Bodnár Zsófia
|h [elektronikus dokumentum]
|
| 246 |
1 |
1 |
|a Panaszszituáció kezelés a Dudok Rendezvényházban
|
| 516 |
|
|
|a Project_work
|
| 695 |
|
|
|a Panaszszituáció
|
| 695 |
|
|
|a Panaszszituáció menedzsment,
|
| 700 |
1 |
|
|a Fekete-Frojimovics Dr. Zsófia
|e ths
|
| 856 |
4 |
0 |
|u http://dolgozattar.uni-bge.hu/4023/1/Bodn%C3%A1r%20Zs%C3%B3fia%20Foszk%20projektmunka%20teljes%21%21%21.pdf
|z Dokumentum-elérés
|